Título en la letra 2 - Estadísticas

Estadísticas generales
  • Esta prueba ha sido intentada 3.467 veces
  • La puntuación promedio es 9 de 15
Estadísticas de respuestas
Letra % Correcto
Al partir / {Un} {beso} {y} {una} {flor} / Un "te quiero", una caricia y un adiós / Es ligero equipaje / Para tan largo viaje / Las penas pesan en el corazón
81%
Mi pedazo de sol, la niña de mis ojos / Tiene una colección de corazones rotos / Mi pedazo de sol, la niña de mis ojos / La que baila reggaetón con {tacones} {rojos}
81%
¿Qué hubiera sido / {si} {antes} {te} {hubiera} {conocido}? / Seguramente / Estarías bailando esta conmigo
80%
Seré tu {amante} {bandido}, {bandido}/ Corazón, corazón malherido / Seré tu amante cautivo, cautivo / Seré, ah
80%
Quiero entrar / En tu garito con {zapatillas} / Que no me miren mal al pasar / Estoy cansado de siempre lo mismo / La misma historia y quiero cambiar
77%
Tuve muchas experiencias / Y he llegado a la conclusión / Que perdida la inocencia / En el sur se pasa mejor / Para hacer bien el amor {hay} {que} {venir} {al} {sur}
72%
¿{Cómo} {te} {atreves} {a} {volver}? (Oh-oh) / A darle vida a lo que estaba muerto / La soledad me había tratado bien / Y no eres quien para exigir derechos
70%
Ay, no hay que llorar / Que {la} {vida} {es} {un} {carnaval} / Y es más bello vivir cantando / Ay, no hay que llorar / Que{la} {vida} {es} {un} {carnaval} / Y las penas se van cantando
67%
Tengo {la} {camisa} {negra} / Hoy mi amor está de luto / Hoy tengo en el alma una pena / Y es por culpa de tu embrujo
60%
{20} {de} {abril} del 90 / Hola, chata, ¿cómo estás? / ¿Te sorprende que te escriba? / Tanto tiempo, es normal
55%
Me asomo a la ventana, eres la {chica} {de} {ayer} / Jugando con las flores en mi jardín / Demasiado tarde para comprender / Chica, vete a tu casa, no podemos jugar
47%
Buenas noches, {bienvenidos} / Hijos del rock'n'roll / Os saludan los aliados de la noche
31%
{Suerte} que en el sur hayas nacido / Y que burlemos las distancias / {Suerte} que es haberte conocido / Y, por ti, amar tierras extrañas
31%
{Soy} {minero} / Y templé mi corazón con pico y barrena / {Soy} {minero} / Y con caña, vino y ron me quito las penas
17%
No pienses que estoy muy triste / Si no me ves sonreír / Es simplemente despiste / {Maneras} {de} {vivir}
12%
No se encontraron pruebas coincidentes
Distribución de puntuación
Porcentaje de gente con cada puntuación
Porcentaje por número respondido
Historial de tus puntuaciones
No has intentado esta prueba.